Effect of ethylene stimulation on healthy and tapping panel dryness (TPD) affected trees of Hevea brasiliensis (Willd. ex Adr. de Juss.) Muell. ARg. (Record no. 74620)

MARC details
000 -LEADER
fixed length control field 00489nam a2200133Ia 4500
100 ## - MAIN ENTRY--AUTHOR NAME
Personal name Renjini Raghavan
245 #0 - TITLE STATEMENT
Title Effect of ethylene stimulation on healthy and tapping panel dryness (TPD) affected trees of Hevea brasiliensis (Willd. ex Adr. de Juss.) Muell. ARg.
260 ## - PUBLICATION, DISTRIBUTION, ETC. (IMPRINT)
Name of publisher Mahatma Gandhi University
Place of publication Kottayam
Year of publication 2007
500 ## - GENERAL NOTE
General note Available in Physiology
500 ## - GENERAL NOTE
General note Course: M.Phil
700 ## - ADDED ENTRY--PERSONAL NAME
Personal name Dr R Krishnakumar
942 ## - ADDED ENTRY ELEMENTS (KOHA)
Koha item type Theses
Holdings
Withdrawn status Lost status Damaged status Not for loan Collection code Home library Current library Shelving location Date acquired Koha item type
      Theses Thesis RRII Library RRII Library Crop physiology 31/12/2021 Theses